<?xml version="1.0" encoding="UTF-8"?>
<collection xmlns="http://www.loc.gov/MARC21/slim">
  <record>
    <leader>00000nam  2200000   4500</leader>
    <controlfield tag="001">INLIS000000000016452</controlfield>
    <controlfield tag="008">###################################ind##</controlfield>
    <datafield tag="035" ind1="#" ind2="#">
      <subfield code="a">0010-1123000095</subfield>
    </datafield>
    <datafield tag="245" ind1="#" ind2="#">
      <subfield code="a">Peningkatan Kualitas Layanan di Rumah Tahanan Negara Kelas I Labuhan Deli melalui PAKULSIDELI (Pendaftaran Kunjungan lewat Website Rutan 1 Labuhan Deli) (Kantor Wilayah Sumatera Utara Kementerian Hukum dan Hak Asasi Manusia) /</subfield>
      <subfield code="c">Benny Wijaya Tarigan</subfield>
    </datafield>
    <datafield tag="100" ind1="#" ind2="#">
      <subfield code="a">Benny Wijaya Tarigan</subfield>
    </datafield>
    <datafield tag="260" ind1="#" ind2="#">
      <subfield code="a">Sumedang :</subfield>
      <subfield code="b">Puslatbang PKASN LAN,</subfield>
      <subfield code="c">2023</subfield>
    </datafield>
    <datafield tag="300" ind1="#" ind2="#">
      <subfield code="a">72 hal ;</subfield>
      <subfield code="c">29 cm.</subfield>
    </datafield>
    <datafield tag="084" ind1="#" ind2="#">
      <subfield code="a">R PKP/C/036 2023</subfield>
    </datafield>
    <datafield tag="520" ind1="#" ind2="#">
      <subfield code="a">Coach : Yuyu Yuningsih</subfield>
    </datafield>
    <datafield tag="082" ind1="#" ind2="#">
      <subfield code="a">R PKP/C/036 2023</subfield>
    </datafield>
    <datafield tag="990" ind1="#" ind2="#">
      <subfield code="a">PKP.2023.00123</subfield>
    </datafield>
  </record>
</collection>
